00964nam a22002537a 45000010005000000030006000050050017000110080041000280200018000690400029000870500018001160820010001341000028001442450107001722600039002793000045003185050008003635200145003715210020005165210020005366500077005566500039006337000038006726971FISKH20250612112634.0250612b cb ||||| |||| 00| 0 eng d a9780679847069 aFISKHbengcFISKHdFISKH a PZ7.M36353 L a813.2 aCooper, James Fenimore  aThe last of the mohicans :bA stepping stone book /cBy James Fenimore Cooper : adapted by Les Martin  aNew York : bRandom House ,c1993. a111 pages : billustrations ;c19 cm .  aG  aA simplified retelling of the story about the exploits of a young white man and his Mohican Indian friends during the French and Indian War.8 a420 bLexile 8 aG bRaz-Plus  aUnited States-History-French and India War , 1755-1763vJuvenile Fiction aMohegan Indians vJuvenile Fiction aStirnweis, Shannon eIllustrator